El arte de bien vivir / (Record no. 90764)

MARC details
000 -LEADER
campo de control de longitud fija 00788cam a2200265Ma 4500
001 - NÚMERO DE CONTROL
campo de control 49832
005 - FECHA Y HORA DE LA ÚLTIMA TRANSACCIÓN
campo de control 20230410132942.0
008 - DATOS DE LONGITUD FIJA--INFORMACIÓN GENERAL
campo de control de longitud fija 010103s1957 ag b 000 0 spa d
035 ## - NÚMERO DE CONTROL DEL SISTEMA
Número de control de sistema (OCoLC)ocm55452379
040 ## - FUENTE DE CATALOGACIÓN
Centro catalogador/agencia de origen DIBAM
Lengua de catalogación spa
Centro/agencia transcriptor DIBAM
035 ## - NÚMERO DE CONTROL DEL SISTEMA
Número de control de sistema (OCoLC)55452379
049 ## - FONDOS LOCALES (OCLC)
Biblioteca depositaria GRAL
050 14 - SIGNATURA TOPOGRÁFICA DE LA BIBLIOTECA DEL CONGRESO
Número de clasificación B 3105
Número de ítem S373a 1957
100 1# - ENTRADA PRINCIPAL--NOMBRE DE PERSONA
Nombre de persona Schopenhauer, Arthur,
Fechas asociadas al nombre 1788-1860.
245 13 - MENCIÓN DEL TÍTULO
Título El arte de bien vivir /
Mención de responsabilidad, etc. Arturo Schopenhauer.
Resto del título tr. E. Gonzales Blanco.
260 ## - PUBLICACIÓN, DISTRIBUCIÓN, ETC.
Lugar de publicación, distribución, etc. Buenos Aires :
Nombre del editor, distribuidor, etc. Editorial Central,
Fecha de publicación, distribución, etc. 1957.
300 ## - DESCRIPCIÓN FÍSICA
Extensión 210 p. ;
Dimensiones 23 cm.
490 0# - MENCIÓN DE SERIE
Mención de serie Los grandes pensadores
504 ## - NOTA DE BIBLIOGRAFÍA, ETC.
Nota de bibliografía, etc. Incluye notas bibliográficas.
650 #0 - PUNTO DE ACCESO ADICIONAL DE MATERIA--TÉRMINO DE MATERIA
Término de materia o nombre geográfico como elemento de entrada Philosophy, German
Subdivisión cronológica 19th century.
650 #0 - PUNTO DE ACCESO ADICIONAL DE MATERIA--TÉRMINO DE MATERIA
Término de materia o nombre geográfico como elemento de entrada Philosophers
Subdivisión geográfica Germany.
942 ## - ELEMENTOS DE ENTRADA SECUNDARIOS (KOHA)
Fuente del sistema de clasificación o colocación Clasificación de Library of Congress
Tipo de ítem Koha
946 ## - PROCESAMIENTO DE INFORMACIÓN LOCAL (OCLC)
a mfcruz
994 ## -
-- C0
-- DRFGD
Holdings
Estatus retirado Estado de pérdida Fuente del sistema de clasificación o colocación Estado de daño No para préstamo Colección Biblioteca de origen Biblioteca actual Ubicación en estantería Fecha de adquisición Signatura topográfica completa Código de barras Visto por última vez Copia número Tipo de ítem Koha
    Clasificación de Library of Congress     Humanidades Biblioteca Juan Bosch Biblioteca Juan Bosch Humanidades (4to. Piso) 10/04/2023 B 3105 S373a 1957 00000050929 17/11/2018 1